000 00743nam a2200229Ia 4500
003 OSt
005 20220923220640.0
006 a|||||r|||| 00| 0
007 ta
008 220922b |||||||| |||| 00| 0 hin d
024 _a188,372
037 _cTextual
040 _aARTS
_cARTS
_bhin
041 _2hin
_ahin
082 _aV73:2:L9, 152K3
100 _aडगलस, विलियम ओ
_9164466
245 0 _aएक जीवन्त अधिकार पत्र, अनु विश्वदेव शर्मा
246 _aEk jīvanta adhikār patra, anu0 vishvadev sharmā
260 _c1963
942 _hV73:2:L9, 152K3
_cTEXL
_2CC
999 _c341448
_d341448